Countries That Start With MA - Statistics

General Stats
  • This quiz has been taken 183 times
  • The average score is 8 of 10
Answer Stats
Country % Correct
Mali
87%
Madagascar
86%
Macedonia
81%
Mauritania
81%
Mauritius
77%
Malawi
75%
Malaysia
75%
Maldives
73%
Malta
69%
Marshall Islands
48%
No matching quizzes found
Score Distribution
Percent of People with Each Score
Percentile by Number Answered
Your Score History
You have not taken this quiz